Countries That Eat the Most Ice Cream - Statistics

General Stats
  • This quiz has been taken 67 times
  • The average score is 8 of 11
Answer Stats
Rank Country % Correct
2 United States of America
98%
9 Italy
95%
6 Canada
93%
3 Australia
88%
10 United Kingdom
88%
5 Sweden
76%
4 Finland
69%
1 New Zealand
68%
7 Denmark
64%
8 Ireland
63%
11 Singapore
22%
No matching quizzes found
Score Distribution
Percent of People with Each Score
Percentile by Number Answered
Your Score History
You have not taken this quiz